La actuación societaria (Registro nro. 3400)
[ vista simple ]
| 000 -LEADER | |
|---|---|
| fixed length control field | 01298 a2200265 4500 |
| 001 - CONTROL NUMBER | |
| control field | 41178 |
| 005 - DATE AND TIME OF LATEST TRANSACTION | |
| control field | 20260407155705.0 |
| 008 - FIXED-LENGTH DATA ELEMENTS--GENERAL INFORMATION | |
| fixed length control field | 260407a2005 arg spa d |
| 003 - CONTROL NUMBER IDENTIFIER | |
| control field | AR-UNSa-BCEJYS |
| 040 ## - CATALOGING SOURCE | |
| Original cataloging agency | AR-UNSa-BCEJYS |
| Language of cataloging | spa |
| Transcribing agency | AR-UNSa-BCEJYS |
| 080 ## - UNIVERSAL DECIMAL CLASSIFICATION NUMBER | |
| Universal Decimal Classification number | 347.72 |
| Common auxiliary subdivision | Sociedades comerciales |
| 020 ## - INTERNATIONAL STANDARD BOOK NUMBER | |
| International Standard Book Number | 950-894-520-6 |
| 041 ## - LANGUAGE CODE | |
| Language code of text/sound track or separate title | spa |
| 100 1# - MAIN ENTRY--PERSONAL NAME | |
| Personal name | Richard, Efraín Hugo |
| 245 10 - TITLE STATEMENT | |
| Title | La actuación societaria |
| Name of part/section of a work | Tipicidad - sociedades irregulares y de hecho - sociedades informales - resolución parcial - disolución - cancelación de la inscripción - conflictos societarios - fideicomiso de acciones |
| 264 #1 - PRODUCTION, PUBLICATION, DISTRIBUTION, MANUFACTURE, AND COPYRIGHT NOTICE | |
| Place of production, publication, distribution, manufacture | Buenos Aires : |
| Name of producer, publisher, distributor, manufacturer | AD-HOC |
| Date of production, publication, distribution, manufacture, or copyright notice | 2005 |
| 300 ## - PHYSICAL DESCRIPTION | |
| Extent | 476 p. |
| Dimensions | 23 cm. |
| 505 ## - FORMATTED CONTENTS NOTE | |
| Formatted contents note | 1. Tipicidad - 2. Sociedades irregualares y de hecho - 3. Sociedades informales - 4. Resolución parcial - 5. Disolución - 6. Cancelación de la inscripción - 7. Conflictos societarios - 8. Fideicomiso de acciones |
| 590 ## - LOCAL NOTE (RLIN) | |
| Local note | niveau_biblio:m niveau_hierar:0 |
| 700 1# - ADDED ENTRY--PERSONAL NAME | |
| Personal name | Vítolo, Daniel Roque |
| 700 1# - ADDED ENTRY--PERSONAL NAME | |
| Personal name | Fernández de Andreani, Patricia A. |
| 700 1# - ADDED ENTRY--PERSONAL NAME | |
| Personal name | Jornadas de Institutos de Derecho Comercial de la República Argentina (12º : 2005 : San Rafael, Mendoza) |
| 856 41 - ELECTRONIC LOCATION AND ACCESS | |
| Uniform Resource Identifier | <a href="https://biblioeco.unsa.edu.ar/pmb/images/libros/L126406_01.jpg">https://biblioeco.unsa.edu.ar/pmb/images/libros/L126406_01.jpg</a> |
| Link text | Imagen de portada |
| Electronic format type | image/jpeg |
| 942 ## - ADDED ENTRY ELEMENTS (KOHA) | |
| Koha item type | |
| Withdrawn status | Lost status | Damaged status | Not for loan | Home library | Current library | Shelving location | Date acquired | Total checkouts | Full call number | Barcode | Date last seen | Price effective from | Koha item type |
|---|---|---|---|---|---|---|---|---|---|---|---|---|---|
| Biblioteca Prof. Eusebio Cleto del Rey | Biblioteca Prof. Eusebio Cleto del Rey | 07/04/2026 | 347.72 V845a | L126406 | 07/04/2026 | 07/04/2026 | Libro |